| 000 | 01350nam0a22003251 4500 | ||
|---|---|---|---|
| 001 | RU\INFOCOMM_327\NLR\5000010877 | ||
| 005 | 20250613104811.0 | ||
| 035 | _a(NLR Aleph) 009514588 | ||
| 090 |
_a8788168 _c8788168 |
||
| 100 | _a20121210d1987 |||y0rusy50 ca | ||
| 101 | 0 | _aeng | |
| 102 | _aRU | ||
| 105 | _ay z ||||| | ||
| 200 | 1 |
_aSchwinger terms as a source of gauge anomaly in hamiltonian approach _fI. V. Kolokolov, A. S. Yelkhovsky |
|
| 210 |
_aNovosibirsk _cИн-т ядер. физики СО АН СССР _d1987 |
||
| 215 |
_a16 с. _d20 см |
||
| 225 | 1 |
_aPreprint _fInst. of nuclear physics _v87-103 |
|
| 300 | _aВ вып. дан.: Швингеровские члены как источник калибровочной аномалии в гамильтоновом подходе / А. С. Елховский, И. В. Колоколов | ||
| 320 | _aБиблиогр.: с. 16 | ||
| 606 | 0 |
_aКвантовая теория поля калибровочная _91012140 _3RU\NLR\AUTH\6667817 |
|
| 620 | _aНовосибирск | ||
| 686 |
_aВ315.2 _2rubbk |
||
| 700 | 1 |
_aKolokolov _bI. V. _gIgor' Valentinovič |
|
| 701 | 1 |
_9z01790 _aElchovskij _bA. S. |
|
| 790 | 1 |
_9z01701 _aYelkhovsky _bA. S. _4070 |
|
| 801 | 1 |
_aRU _bNLR _c20121210 |
|
| 801 | 0 |
_aRU _bINFOCOMM _gPSBO |
|
| 852 |
_aNLR _jФз01 Д-4/4717 |
||
| 942 | _cBOOK | ||
| 980 | _aNB | ||